Loading...
| Ancient History and Archaeology | 2 | 15.00 | 50% | 0% | 100% |
| Beliefs | 6 | 13.33 | 33% | 50% | 50% |
| British and Commonwealth History | 2 | 15.00 | 100% | 50% | 0% |
| Current Events | 3 | 16.67 | 67% | 67% | 33% |
| Fine Arts - Auditory | 4 | 20.00 | 75% | 50% | 75% |
| Fine Arts - Visual | 3 | 10.00 | 0% | 67% | 33% |
| History - American | 4 | 10.00 | 0% | 50% | 50% |
| History - European | 2 | 15.00 | 50% | 100% | 0% |
| History - World | 3 | 10.00 | 33% | 67% | 0% |
| Literature - American | 3 | 10.00 | 0% | 100% | 0% |
| Literature - British | 3 | 16.67 | 33% | 100% | 33% |
| Literature - European | 4 | 10.00 | 25% | 25% | 50% |
| Other Academic | 2 | 5.00 | 0% | 0% | 50% |
| Other Arts: Auditory | 3 | 10.00 | 0% | 67% | 33% |
| Other Arts: Visual | 1 | 10.00 | 0% | 0% | 100% |
| Other Science: Astronomy | 1 | 10.00 | 0% | 100% | 0% |
| Other Science: Earth Science | 1 | 10.00 | 100% | 0% | 0% |
| Philosophy | 2 | 10.00 | 0% | 50% | 50% |
| Science - Biology | 2 | 5.00 | 0% | 0% | 50% |
| Science - Physics | 5 | 14.00 | 20% | 20% | 100% |
| Social Science | 4 | 15.00 | 0% | 50% | 100% |
| World and Other Literature | 4 | 10.00 | 50% | 25% | 25% |